Statistics for Name the MLB teams

Click here to take the quiz!

General Stats

  • This quiz has been taken 17 times
  • The average score is 29 of 30

Answer Stats

HintAnswer% Correct
Los AngelesAngels
100%
HoustonAstros
100%
TorontoBlue Jays
100%
AtlantaBraves
100%
ChicagoCubs
100%
ClevelandIndians
100%
SeattleMariners
100%
New YorkMets
100%
BaltimoreOrioles
100%
San DiegoPadres
100%
TexasRangers
100%
CincinnatiReds
100%
BostonRed Sox
100%
Kansas CityRoyals
100%
ChicagoWhite Sox
100%
OaklandAthletics
94%
MilwaukeeBrewers
94%
St. LouisCardinals
94%
ArizonaDiamondbacks
94%
Los AngelesDodgers
94%
San FranciscoGiants
94%
PittsburghPirates
94%
Tampa BayRays
94%
ColoradoRockies
94%
DetroitTigers
94%
MinnesotaTwins
94%
New YorkYankees
94%
MiamiMarlins
88%
WashingtonNationals
88%
PhiladelphiaPhillies
88%

Score Distribution

Percentile by Number Answered

Percent of People with Each Score

Your Score History

You have not taken this quiz